Statystyki dla RZECZY, KTÓRE SCHODZĄ NA DRUGI PLAN PRZY NARODZINACH DZIECKA:

Kliknij tutaj aby rozwiązać quiz!

Ogólne statystyki

  • Ten quiz został rozwiązany 6 razy
  • Średni wynik to 2 z 5

Statystyki odpowiedzi

Odpowiedź% Poprawnych
PRACA
75%
IMPREZY
50%
HOBBY
25%
PRZYJACIELE
25%
AKTYWNOŚĆ FIZYCZNA
0%

Rozkład punktacji

Percentyl według liczby udzielonych odpowiedzi

Procent ludzi z każdym wynikiem

Twoja historia wyników

Nie rozwiązałeś tego quizu